Southville International School and Colleges
Your cart is empty.
  • Cart
  • Lists
    Public lists Eva Luna New books Lux_list list_1
    Your lists Log in to create your own lists
  • Log in to your account
  • Your cookies
  • Search history
Southville International School and Colleges
  • Advanced search
  • Recent comments
  • Most popular
  • Libraries

Log in to your account

Log in with GOOGLE


If you do not have an external account, but do have a local account, you can still log in:

  1. Home
  2. MARC view: Quantitative methods for business /
Normal view MARC view ISBD view

Quantitative methods for business / (Record no. 288939)

[ view plain ]
MARC details
000 -LEADER
fixed length control field 01817cam a22002655a 4500
001 - CONTROL NUMBER
control field STB033737
003 - CONTROL NUMBER IDENTIFIER
control field PILC
005 - DATE AND TIME OF LATEST TRANSACTION
control field 20151105153107.0
008 - FIXED-LENGTH DATA ELEMENTS--GENERAL INFORMATION
fixed length control field 110810s2012 mnu 000 0 eng
010 ## - LIBRARY OF CONGRESS CONTROL NUMBER
LC control number 2011936338
020 ## - INTERNATIONAL STANDARD BOOK NUMBER
International Standard Book Number 9789814687355
040 ## - CATALOGING SOURCE
Original cataloging agency DLC
Transcribing agency DLC
042 ## - AUTHENTICATION CODE
Authentication code pcc
050 00 - LIBRARY OF CONGRESS CALL NUMBER
Classification number T 56
Item number .An23 2013
100 ## - MAIN ENTRY--PERSONAL NAME
Personal name Anderson, David R.
245 10 - TITLE STATEMENT
Title Quantitative methods for business /
Statement of responsibility, etc David R. Anderson (and 4 others).
250 ## - EDITION STATEMENT
Edition statement 12th edition.
260 ## - PUBLICATION, DISTRIBUTION, ETC. (IMPRINT)
Place of publication, distribution, etc Mason, OH :
Name of publisher, distributor, etc South-Western, Cengage Learning,
Date of publication, distribution, etc 2013.
263 ## - PROJECTED PUBLICATION DATE
Projected publication date 1201.
300 ## - PHYSICAL DESCRIPTION
Extent xxvi, 880 pages :
Other physical details illustrations ;
Dimensions 27 cm.
500 ## - GENERAL NOTE
General note Includes index.
505 ## - FORMATTED CONTENTS NOTE
Formatted contents note Chapter 1. Introduction -- Chapter 2. Introduction to probability -- Chapter 3. Probability distributions -- Chapter 4. Decision analysis - Chapter 5. Utility and game theory -- Chapter 6. Time series analysis and forecasting -- Chapter 7. Introduction to linear programming -- Chapter 8. Linear programming : sensitivity analysis and interpretation of solution -- Chapter 9. Lienar programming applications in marketing, finance, and operations management -- Chapter 10. Distribution and network models -- Chapter 11. Integer linear programming -- Chapter 12. Advanced optimization applications -- Chapter 13. Project scheduling : PERT/CPM -- Chapter 14. Inventory models -- Chapter 15. Waiting line models -- Chapter 16. Simulatiib -- Chapter 17. Markov processes -- Appendix A. Building spreadsheet models -- Appendix B. Binonial probabilities -- Appendix C. Poisson probabilities -- Appendix D. Areas for the standard normal distribution -- Appendix E. Values of e -- Appendix F. References and bibliography -- Appendix G. Self-test solutions and answers to even-numbered problems.
650 ## - SUBJECT ADDED ENTRY--TOPICAL TERM
Topical term or geographic name as entry element Management science.
942 ## - ADDED ENTRY ELEMENTS (KOHA)
Source of classification or shelving scheme Library of Congress Classification
Koha item type Books
Call number prefix Foreign
Holdings
Withdrawn status Lost status Source of classification or shelving scheme Damaged status Home library Current library Shelving location Date acquired Source of acquisition Sub Shelving location Total Checkouts Full call number Barcode Date last seen Date checked out Price effective from Koha item type
    Library of Congress Classification   College Library College Library Reserve Section 11/05/2015 Library Fund   1 T 56 .An23 2013 C20268 08/15/2019 08/05/2019 11/05/2015 Books

Quantitative methods for business /

APA

Anderson D. R., . (2013). Quantitative methods for business. Mason, OH: South-Western, Cengage Learning.

Chicago

Anderson David R, . 2013. Quantitative methods for business. Mason, OH: South-Western, Cengage Learning.

Harvard

Anderson D. R., . (2013). Quantitative methods for business. Mason, OH: South-Western, Cengage Learning.

MLA

Anderson David R, . Quantitative methods for business. Mason, OH: South-Western, Cengage Learning. 2013.

  • Place hold
  • Print
  • Cite
  • Add to your cart (remove)
  • Save record
    BIBTEX Dublin Core MARCXML MARC (non-Unicode/MARC-8) MARC (Unicode/UTF-8) MARC (Unicode/UTF-8, Standard) MODS (XML) RIS
  • More searches
    Search for this title in:
    Other Libraries (WorldCat) Other Databases (Google Scholar) Online Stores (Bookfinder.com) Open Library (openlibrary.org)

Exporting to Dublin Core...

SOUTHVILLE LIBRARY

Southville International School and Colleges Library

1281 Tropical Ave. Cor. Luxembourg St., BF Homes International, Las Pinas City

Tel. No. 8256374 / 252358 Loc. 117/146

Powered by Koha